| 000 | 00810nam a22002657a 4500 | ||
|---|---|---|---|
| 001 | 13996593 | ||
| 003 | ARRUPE | ||
| 005 | 20170214101657.0 | ||
| 008 | 030917s2003 rh b 000 0 eng | ||
| 010 | _a 2003405710 | ||
| 020 | _a0797425837 | ||
| 035 | _a(DLC) 2003405710 | ||
| 040 |
_aDLC _cDLC |
||
| 042 | _alcode | ||
| 050 | 0 | 0 | _aMLCS 2004/00901 (B) |
| 100 | 1 |
_aKamwendo, Milton. _928802 |
|
| 245 | 1 | 0 |
_aIt's time to unleash your greatness! / _cMilton Kamwendo. |
| 260 |
_aHarare, Zimbabwe : _bWonak Investments Private Ltd., _cc2003. |
||
| 300 |
_a180 p. ; _c21 cm. |
||
| 504 | _aIncludes bibliographical references (p. 175-177). | ||
| 650 |
_aSuccess _928803 |
||
| 906 |
_a7 _bcbc _corigode _d3 _encip _f20 _gy-gencatlg |
||
| 942 |
_2lcc _cMONOGRAPH |
||
| 999 |
_c126109 _d126109 |
||